Discurso leído en la Universidad de Madrid en el acto de la apertura del curso académico de 1874 a 1875 / (Record no. 32089)

MARC details
000 -LEADER
campo de control de longitud fija 01103nam a2200241 i 4500
001 - NÚMERO DE CONTROL
campo de control 32089
003 - IDENTIFICADOR DE NÚMERO DE CONTROL
campo de control ES-MaACL
005 - FECHA Y HORA DE LA ÚLTIMA TRANSACCIÓN
campo de control 20250718062534.0
007 - CAMPO FIJO DE DESCRIPCIÓN FÍSICA--INFORMACIÓN GENERAL
campo de control de longitud fija t|
008 - DATOS DE LONGITUD FIJA--INFORMACIÓN GENERAL
campo de control de longitud fija 030217s1874 sp ||||1| spa d
100 1# - ENTRADA PRINCIPAL--NOMBRE DE PERSONA
Nombre de persona Canalejas, Francisco de Paula,
Fechas asociadas al nombre 1834-1883
Término indicativo de función/relación Autor
9 (RLIN) 34381
245 10 - MENCIÓN DEL TÍTULO
Título Discurso leído en la Universidad de Madrid en el acto de la apertura del curso académico de 1874 a 1875 /
Mención de responsabilidad, etc. por Francisco de Paula Canalejas [Tema: El desconocimiento y la falta de voluntad, causa de los males presentes].
260 ## - PUBLICACIÓN, DISTRIBUCIÓN, ETC.
Lugar de publicación, distribución, etc. Madrid :
Nombre del editor, distribuidor, etc. Universidad de Madrid,
Fecha de publicación, distribución, etc. 1874
Fabricante (Imp. José Ducazcal)
300 ## - DESCRIPCIÓN FÍSICA
Extensión 51 páginas ;
Dimensiones 26 cm.
650 #7 - PUNTO DE ACCESO ADICIONAL DE MATERIA--TÉRMINO DE MATERIA
Término de materia o nombre geográfico como elemento de entrada Ética
Fuente del encabezamiento o término embne
9 (RLIN) 12577
710 2# - ENTRADA AGREGADA--NOMBRE DE ENTIDAD CORPORATIVA
Nombre de entidad corporativa o nombre de jurisdicción como elemento de entrada Universidad de Madrid.
Término indicativo de función/relación Editor
9 (RLIN) 7205
740 32 - ENTRADA AGREGADA--TÍTULO RELACIONADO/ANALÍTICO NO CONTROLADO
Título relacionado o analítico no controlado El desconocimiento y la falta de voluntad, causa de los males presentes
852 ## - LOCALIZACIÓN
Ubicación ES-MaACL
Ubicación en estantería Depósito folletos
Número de control de estantería T-169-F-10
852 ## - LOCALIZACIÓN
Ubicación ES-MaACL
Ubicación en estantería Depósito folletos
Marcas de propiedad Sello de Los Escolares Médicos
-- Sello de Manuel de Tolosa y Latour
Donativo/Legado Donativo de Manuel Tolosa Latour
Número de control de estantería T-385-F-19
942 ## - ELEMENTOS DE ENTRADA SECUNDARIOS (KOHA)
Fuente del sistema de clasificación o colocación Clasificación decimal universal
Tipo de ítem Koha Folleto
Suprimir en OPAC No
Holdings
Estatus retirado Estado de pérdida Fuente del sistema de clasificación o colocación Estado de daño No para préstamo Colección Biblioteca de origen Biblioteca actual Ubicación en estantería Fecha de adquisición Fuente de adquisición Total de préstamos Signatura topográfica completa Código de barras Visto por última vez Tipo de ítem Koha
    Clasificación decimal universal     Colección de folletos Biblioteca del Ateneo de Madrid Biblioteca del Ateneo de Madrid Depósito folletos 17/01/2008 Donación   T-385-F-19 1033210 23/02/2023 Folleto
    Clasificación decimal universal     Colección de folletos Biblioteca del Ateneo de Madrid Biblioteca del Ateneo de Madrid Depósito folletos 17/01/2008     T-169-F-10 1033209 23/02/2023 Folleto